The book of the farm : detailing the labors of the farmer, steward, plowman, hedger, cattle-man, shepherd, field-worker, and dairymaid /

Bibliographic Details
Main Author: Stephens, Henry, 1795-1874
Other Authors: Skinner, John Stuart, 1788-1851
Format: Book
Language:English
Published: Auburn : Rochester : Alden, Beardsley ; Wanzer, Beardsley, 1852.
Subjects:

MARC

Tag First Indicator Second Indicator Subfields
LEADER 00000cam a2200000 a 4500
001 in00000552124
005 20151014051722.0
008 780315s1852 nyuaf 00010 eng d
035 |a (OCoLC)03719897 
035 |9 ACJ5794AM 
040 |a VWM  |c VWM  |d TXA  |d UtOrBLW 
049 |a TXAM  |c [A08275046] 
090 |a S511  |b .S82 1852b 
100 1 |a Stephens, Henry,  |d 1795-1874. 
245 1 4 |a The book of the farm :  |b detailing the labors of the farmer, steward, plowman, hedger, cattle-man, shepherd, field-worker, and dairymaid /  |c by Henry Stephens ; to which are added explanatory notes, remarks, etc. by John S. Skinner. 
264 1 |a Auburn :  |b Alden, Beardsley ;  |a Rochester :  |b Wanzer, Beardsley,  |c 1852. 
300 |a 2 volumes in 1., 20 leaves of plates :  |b illustrations ;  |c 24 cm. 
336 |a text  |b txt  |2 rdacontent 
337 |a unmediated  |b n  |2 rdamedia 
338 |a volume  |b nc  |2 rdacarrier 
650 0 |a Agriculture. 
700 1 |a Skinner, John Stuart,  |d 1788-1851. 
999 |a MARS 
999 f f |s ff07552d-66a5-3187-a811-d853e05964dc  |i ff30c40a-3120-3c2e-839f-51cf1e29402f  |t 0 
952 f f |p ric  |a Texas A&M University  |b Rellis Campus  |c Joint Library Facility  |d Remote Storage  |t 0  |e S511 .S82 1852b  |h Library of Congress classification  |i unmediated -- volume  |m A14808275046 
998 f f |a S511 .S82 1852b  |t 0  |l Remote Storage